000 01028cam a22003133a 4500
001 13270883
003 OSt
005 20140310181917.0
008 030711s2002 paua j 000 0 eng d
010 _a 2003271937
020 _a0768421659
035 _a(OCoLC)ocm51032083
040 _aOCO
_cOCO
_dDLC
050 0 0 _aB 69
_b.T298 2002
082 _aTR 239
_bT25 2002
100 1 _aTenney, Tommy,
_d1956-
_91041
245 1 0 _aGod chasers for kids /
_cTommy Tenney.
260 _aShippensburg, PA :
_bDestiny Image,
_cc2002.
300 _a92 p. :
_bcol. ill. ;
_c16 cm.
521 _aFaculty.
_bLexile
541 _j1
562 _e1
650 0 _aApologetics
_vJuvenile literature.
_91042
650 0 _aChristian life
_vJuvenile literature.
_91043
856 4 1 _3Table of contents only
_uhttp://www.loc.gov/catdir/toc/fy0705/2003271937.html
906 _a7
_bcbc
_ccopycat
_d3
_encip
_f20
_gy-gencatlg
942 _2lcc
_cBK-TR
_kTR
999 _c6786
_d6786